| 000 | 00396nam a22001577a 4500 | ||
|---|---|---|---|
| 999 |
_c4061 _d4061 |
||
| 008 | 200714b ||||| |||| 00| 0 eng d | ||
| 082 | 0 | 0 |
_a621.194 _bC865 |
| 100 |
_93349 _aCourtney, John. |
||
| 245 | 1 | 0 |
_aBoiler maker's assistant _cby John. Courtney |
| 250 | _a1st ed. | ||
| 260 |
_aLondon _bTechnical Press _c1946 |
||
| 300 | _aviii,106 p. | ||
| 365 | _d3.04 | ||
| 650 | 0 | _aBoilers | |
| 942 | _cBK | ||